00810nam a22002177a 450000500170000000800410001702000180005804000210007604100080009708200150010524501170012026000580023730000170029565000450031270000290035770000260038670000280041294200120044099900170045295201230046920240517054129.0240517b |||||||| |||| 00| 0 eng d a9789393864291 aIN-DiNCcIN-DiNC dasm a338.9bDEV aDevelopment in North East India:bissues and prospects/ced. by Bedabrat Saikia, Romen Kalita and Jamanur Rahman aGuwahati:bAssam College Teachers Association,c2024. axviii, 282p. aEconomic development in North East India aSaikia, BedabrateEditor aKalita, RomeneEditor aRahman, JamanureEditor 2ddccBK c11820d11820 00102ddc40708ECOaMAINbMAINcGENd2024-05-17g550.00l0o338.9 DEVp29985r2024-05-17 05:42:12t1w2024-05-17yBK